Filakovo hrad
Zobrazenie: Pohľad v bielom orámovaní na zrúcaninu Fiľakovského hradu a zľava klesajúci chodník
| Format: | Postcard |
|---|---|
| Language: | Slovak German Hungarian |
| PhysicalDescription: | 1 pohľadnica tónovaná do modra 15 x 9 cm |
| Published: |
Filakovo
Jeremias Krämer
1924
|
| Subjects: |
MARC
| LEADER | 00000ckm a2200000 a 4500 | ||
|---|---|---|---|
| 001 | vtls011587864 | ||
| 003 | SK-MaSNL | ||
| 005 | 20260512122202.0 | ||
| 007 | kp ao | ||
| 008 | 231121s1924 xo g kuslo | ||
| 015 | |a SNBG1924 | ||
| 035 | |a urn:nbn:sk:snk-km00fdfp | ||
| 035 | |a urn:nbn:sk:snk-km45uwj | ||
| 035 | |a 51160873-375E-48DE-AB10-587F02C602D5 | ||
| 040 | |a SNK |b slo |c SNK |e AACR2 | ||
| 041 | 0 | |a slo |a ger |a hun | |
| 043 | |a e-xo--- | ||
| 044 | |a xo |c SK | ||
| 072 | 7 | |a 913 |x Regionálna geografia |2 konspekt | |
| 080 | |a 904:72 |2 2011 | ||
| 080 | |a 913(437.6) |2 2011 | ||
| 080 | |a 728.81 |2 2011 | ||
| 080 | |a 7.025.21 |2 2011 | ||
| 080 | |a 904(084.121) |2 2011 | ||
| 245 | 0 | 0 | |a Filakovo |h grafika |b hrad |
| 246 | 3 | 1 | |a Filakovo |b Burgruine |
| 246 | 3 | 1 | |a Fülek |b várrom |
| 260 | |a Filakovo |b Jeremias Krämer |c 1924 | ||
| 300 | |a 1 pohľadnica |b tónovaná do modra |c 15 x 9 cm | ||
| 500 | |a Názvové údaje prevzaté z obrazovej časti pohľadnice | ||
| 520 | 8 | |a Zobrazenie: Pohľad v bielom orámovaní na zrúcaninu Fiľakovského hradu a zľava klesajúci chodník | |
| 546 | |a Súbežný názov a podnázov v maď. | ||
| 546 | |a Súbežný podnázov v nem. | ||
| 610 | 2 | 7 | |a Fiľakovský hrad (Slovensko) |2 SNKKA |9 169125 |
| 650 | 0 | 7 | |a hrady |2 SNKPH |9 3039 |
| 650 | 0 | 7 | |a zrúcaniny |2 SNKPH |9 31233 |
| 650 | 0 | 7 | |a národné kultúrne pamiatky |2 SNKPH |9 31192 |
| 651 | 7 | |a Fiľakovo (Slovensko) |2 SNKPHgeo |9 30576 | |
| 655 | 7 | |a miestne pohľadnice |2 SNKPH |9 70510 | |
| 655 | 7 | |a pohľadnice kultúrnych pamiatok |2 SNKPH |9 70523 | |
| 852 | |a Slovenská národná knižnica | ||
| 958 | |a GBN | ||
| 958 | |a GC | ||
| 958 | |a OND | ||
| 958 | |a EUIPO | ||
| 999 | |c 589513 |d 591443 | ||
| 952 | |a SNK |b SNK |y PREZ |7 0 |p 17A1215300 |o snkSP 10941 |0 0 |1 0 |4 0 |d 2016-10-20 |f 1 |l 0 |r 2026-02-23 15:20:20 |w 2026-02-23 | ||


